| 000 | 00389nam a22001697a 4500 | ||
|---|---|---|---|
| 020 | _a9788120350670 | ||
| 082 | _a004 RAJ | ||
| 100 | _aV. Rajaraman | ||
| 245 | _aFundamentals of Computers | ||
| 250 | _a6th ed. | ||
| 260 |
_aDelhi _bPHI learning _c2015 |
||
| 300 | _a428p. | ||
| 650 | _aComputer programming | ||
| 650 | _aComputer science | ||
| 700 | _aNeeharika Adabala | ||
| 942 | _cBK | ||
| 999 |
_c13727 _d13727 |
||